Clonación Humana (Record no. 152209)
[ view plain ]
| 000 -LEADER | |
|---|---|
| fixed length control field | 00739cam a2200217 4500 |
| 008 - FIXED-LENGTH DATA ELEMENTS--GENERAL INFORMATION | |
| fixed length control field | 050629s2003 mx 000 0 spa u |
| 020 ## - INTERNATIONAL STANDARD BOOK NUMBER | |
| International Standard Book Number | 9703203280 |
| 050 04 - LIBRARY OF CONGRESS CALL NUMBER | |
| Classification number | QH442.2 |
| Item number | C56 2003 |
| 245 00 - TITLE STATEMENT | |
| Title | Clonación Humana |
| Statement of responsibility, etc | /Coordinador Fernando Cano Valle |
| 250 ## - EDITION STATEMENT | |
| Edition statement | 1a. ed. |
| 260 ## - PUBLICATION, DISTRIBUTION, ETC. (IMPRINT) | |
| Place of publication, distribution, etc | México : |
| Name of publisher, distributor, etc | Universidad Autónoma de México, |
| Date of publication, distribution, etc | 2003 |
| 300 ## - PHYSICAL DESCRIPTION | |
| Extent | vi, 160 páginas ; |
| Other physical details | ilustraciones ; |
| Dimensions | 21 cm. |
| 490 0# - SERIES STATEMENT | |
| Series statement | Estudios Jurídicos ; |
| Volume number/sequential designation | Núm. 39 |
| 506 ## - RESTRICTIONS ON ACCESS NOTE | |
| Terms governing access | PIFI |
| 504 ## - BIBLIOGRAPHY, ETC. NOTE | |
| Bibliography, etc | Incluye bibliografías |
| 650 04 - SUBJECT ADDED ENTRY--TOPICAL TERM | |
| Topical term or geographic name as entry element | Clonación humana |
| 650 04 - SUBJECT ADDED ENTRY--TOPICAL TERM | |
| Topical term or geographic name as entry element | Aspectos éticos y morales de la clonación humana |
| 650 04 - SUBJECT ADDED ENTRY--TOPICAL TERM | |
| Topical term or geographic name as entry element | Clonación humana |
| Geographic subdivision | México derecho y legislación |
| 700 ## - ADDED ENTRY--PERSONAL NAME | |
| Personal name | Cano Valle, Fernando, |
| Relator term | coordinador |
| 942 ## - ADDED ENTRY ELEMENTS (KOHA) | |
| Source of classification or shelving scheme | Biblioteca del Cogreso de los Estados Unidos |
| Koha item type | Libro |
| Estado de pérdida | Fuente de clasificación | Estado del daño | No para préstamo | Ubicación permanente | Ubicación actual | Apartado o colección | Fecha de adquisición | Edición | Dependencia de educación superior (DES) | Área del conocimiento | Total Checkouts | Clasificación | Código de Barras | Date last seen | Número de copia | Costo por reposición | Tipo de recurso |
|---|---|---|---|---|---|---|---|---|---|---|---|---|---|---|---|---|---|
| Biblioteca del Cogreso de los Estados Unidos | Biblioteca de la Facultad de Derecho y Ciencias Sociales "Felipe J. Tena" | Biblioteca de la Facultad de Derecho y Ciencias Sociales "Felipe J. Tena" | General | 26/08/2022 | 1a ed. | Derecho | Ciencias Naturales y Exactas | QH442.2 C56 2003 | BFD000014092 | 26/08/2022 | 1 | 1.00 | Libro | ||||
| Biblioteca del Cogreso de los Estados Unidos | Biblioteca de la Facultad de Derecho y Ciencias Sociales "Felipe J. Tena" | Biblioteca de la Facultad de Derecho y Ciencias Sociales "Felipe J. Tena" | General | 26/08/2022 | 1a ed. | Derecho | Ciencias Naturales y Exactas | QH442.2 C56 2003 | BFD000014093 | 26/08/2022 | 2 | 1.00 | Libro |